[Event "East Detroit (MCO/4/31)"]
[Site "?"]
[Date "1984.??.??"]
[Round "?"]
[White "Corbeill, Joe"]
[Black "Jackson, C.."]
[Result "1-0"]
[WhiteElo "1675"]
[BlackElo "1605"]
[PlyCount "69"]
[EventDate "1984.??.??"]

{4/(31)} 1. Nf3 Nf6 2. d4 e6 3. c4 Be7 4. Nc3 O-O 5. Bf4 c5 6. e3 cxd4 7. exd4
d5 8. b3 Nc6 9. Be2 Bd7 10. O-O Rc8 11. Nb5 Ne4 12. Nd2 Nxd2 13. Qxd2 dxc4 14.
bxc4 Be8 15. Be3 Bf6 16. Rad1 a6 17. Nc3 Nb4 18. Ne4 Be7 19. Rb1 f5 20. Ng5 Rf6
21. c5 Nd5 22. Rxb7 Bc6 23. Rb3 Nxe3 24. Qxe3 Bd5 25. Ra3 Rg6 26. Nf3 Rc6 27.
g3 Qf8 28. Ne5 f4 29. Nxg6 fxe3 30. Nxf8 exf2+ 31. Rxf2 Bxf8 32. Bxa6 e5 33.
Bb7 exd4 34. Ra8 Rf6 35. Bxd5+ 1-0

[Event "Plymouth (MI Op/3/12)"]
[Site "?"]
[Date "1984.??.??"]
[Round "?"]
[White "Cooper, T.."]
[Black "Yahkind, Alex"]
[Result "1/2-1/2"]
[WhiteElo "2155"]
[BlackElo "1950"]
[PlyCount "83"]
[EventDate "1984.??.??"]

{3/(12)} 1. e4 c5 2. Nc3 e6 3. Nge2 Nc6 4. g3 d5 5. exd5 exd5 6. Bg2 Nf6 7. d4
Be6 8. O-O Qd7 9. Bg5 Be7 10. dxc5 Rd8 11. Nf4 d4 12. Bxf6 Bxf6 13. Ncd5 Be5
14. Nxe6 fxe6 15. Qh5+ Qf7 16. Qxf7+ Kxf7 17. Nf4 Bxf4 18. gxf4 Rd7 19. Rad1
Rhd8 20. Rd2 a5 21. Rfd1 Ne7 22. Be4 Ke8 23. Rd3 g6 24. Kf1 Nc6 25. a3 Ke7 26.
Ke2 Ke8 27. Kf1 Ke7 28. Ke1 Ke8 29. Rb3 Rc8 30. Rb5 a4 31. Rd2 Ke7 32. Bxc6
Rxc6 33. Rb4 Rxc5 34. Rxa4 Rcd5 35. Ke2 Kf6 36. Kf3 h6 37. Rb4 Kf5 38. a4 g5
39. fxg5 hxg5 40. h3 e5 41. Kg3 Rc7 42. f3 1/2-1/2

[Event "Plymouth (MI Op/5/6)"]
[Site "?"]
[Date "1984.??.??"]
[Round "?"]
[White "Cooper, T.."]
[Black "Kulbacki, James"]
[Result "1-0"]
[WhiteElo "2155"]
[BlackElo "1990"]
[PlyCount "83"]
[EventDate "1984.??.??"]

{5/(6)} 1. e4 e6 2. d4 d5 3. Nc3 Nf6 4. Bg5 Be7 5. e5 Ne4 6. Bxe7 Qxe7 7. Nxe4
dxe4 8. Qe2 O-O 9. O-O-O c5 10. Qxe4 cxd4 11. Bd3 g6 12. h4 Nc6 13. h5 f5 14.
exf6 Qxf6 15. hxg6 hxg6 16. Nf3 e5 17. Qxg6+ Qxg6 18. Bxg6 Bf5 19. Bxf5 Rxf5
20. Rh4 Ne7 21. Rdh1 Ng6 22. Rg4 Kg7 23. Rh3 Rg8 24. Rhg3 Kf7 25. Kd2 Ne7 26.
Rxg8 Nxg8 27. Ng5+ Ke7 28. Ne4 Nf6 29. f3 Nxe4+ 30. fxe4 Rf2+ 31. Kd3 Kd6 32.
Rg7 Kc6 33. Re7 Kd6 34. Rxb7 Rxg2 35. Rxa7 Rg3+ 36. Kc4 Rg2 37. Ra6+ Kd7 38. c3
Re2 39. Kd5 d3 40. Rd6+ Kc7 41. Kxe5 d2 42. Rd4 1-0

[Event "Plymouth (MI Op/7/15)"]
[Site "?"]
[Date "1984.??.??"]
[Round "?"]
[White "Cooper, T.."]
[Black "Gipson, John"]
[Result "1-0"]
[WhiteElo "2155"]
[BlackElo "1905"]
[PlyCount "55"]
[EventDate "1984.??.??"]

{7/(15)} 1. e4 e6 2. d4 d5 3. Nc3 Nf6 4. Bg5 Be7 5. e5 Nfd7 6. Bxe7 Qxe7 7. f4
a6 8. Qd2 c5 9. dxc5 Qxc5 10. Nf3 Nc6 11. Bd3 b5 12. Qf2 Qb4 13. a3 Qxb2 14.
Kd2 Na5 15. Rab1 Qxa3 16. Qg3 Qf8 17. f5 Nc5 18. Rhf1 b4 19. Na2 Nc4+ 20. Ke2
a5 21. Nd4 Bd7 22. Bxc4 dxc4 23. fxe6 Bxe6 24. Nb5 c3 25. Nc7+ Ke7 26. Qh4+ f6
27. Nxa8 Bc4+ 28. Qxc4 1-0

[Event "Plymouth (MI Op/1b/5)"]
[Site "?"]
[Date "1984.??.??"]
[Round "?"]
[White "Cooper, T.."]
[Black "Gaiefsky, Mike"]
[Result "1-0"]
[WhiteElo "2155"]
[BlackElo "1835"]
[PlyCount "45"]
[EventDate "1984.??.??"]

1. e4 e6 2. d4 d5 3. Nc3 Nf6 4. Bg5 Be7 5. e5 Nfd7 6. Bxe7 Qxe7 7. f4 a6 8. Qd2
c5 9. dxc5 Nc6 10. Nf3 Nxc5 11. Bd3 b5 12. Ne2 Bb7 13. Nfd4 Nb4 14. O-O Ne4 15.
Qe3 Rc8 16. a3 Nxd3 17. cxd3 Nc5 18. f5 Nd7 19. fxe6 fxe6 20. Rae1 Rf8 21. Nf4
g5 22. Nfxe6 Rxf1+ 23. Rxf1 1-0

[Event "Plymouth (MI Op/4/86)"]
[Site "?"]
[Date "1984.??.??"]
[Round "?"]
[White "Conley, Steve"]
[Black "Shields, B.."]
[Result "1-0"]
[WhiteElo "1605"]
[BlackElo "1605"]
[PlyCount "71"]
[EventDate "1984.??.??"]

{4/(86)} 1. e4 c5 2. Nf3 d6 3. d4 cxd4 4. Nxd4 Nc6 5. Bb5 Bd7 6. Nc3 a6 7. Bxc6
bxc6 8. O-O c5 9. Nf3 Nf6 10. Re1 g6 11. Bf4 Bg7 12. e5 dxe5 13. Bxe5 O-O 14.
h3 Bc6 15. Qxd8 Rfxd8 16. Re3 Bh6 17. Re2 Ra7 18. Bxf6 exf6 19. Ne4 Bb5 20.
Ree1 Bg7 21. Nxc5 Rc7 22. b4 a5 23. a3 f5 24. Rad1 Rxd1 25. Rxd1 Bb2 26. Ng5
Bxa3 27. Rd8+ Kg7 28. Nce6+ fxe6 29. Nxe6+ Kf7 30. Nxc7 Ke7 31. Ra8 axb4 32.
Nxb5 Bb2 33. Na7 Kd6 34. Rc8 Kd7 35. Rc4 Bc3 36. Nc6 1-0

[Event "Plymouth (MI Op/2/71)"]
[Site "?"]
[Date "1984.??.??"]
[Round "?"]
[White "Conley, Steve"]
[Black "Proszkow, T.."]
[Result "0-1"]
[WhiteElo "1605"]
[BlackElo "1655"]
[PlyCount "132"]
[EventDate "1984.??.??"]

{2/(71)} 1. e4 c5 2. Nf3 Nc6 3. Bc4 e6 4. d3 d5 5. exd5 exd5 6. Bb5 a6 7. Bxc6+
bxc6 8. O-O Bd6 9. Re1+ Ne7 10. h3 O-O 11. a3 Rb8 12. b3 Qc7 13. Bb2 h6 14. Be5
Ng6 15. Bxd6 Qxd6 16. Qd2 Qf6 17. Nc3 Bxh3 18. Qe3 Bxg2 19. Nxd5 Qxf3 20. Qxf3
Bxf3 21. Nc7 Rb6 22. Re3 Bg4 23. Rae1 Bd7 24. Re4 Rc8 25. Ne8 Bxe8 26. Rxe8+
Rxe8 27. Rxe8+ Kh7 28. Ra8 Nf4 29. a4 Ne2+ 30. Kh2 Nd4 31. a5 Rb5 32. Rxa6 Nxc2
33. Ra8 Rxb3 34. a6 Ra3 35. a7 Kg6 36. Rc8 Rxa7 37. Rxc6+ f6 38. Rxc5 Ne1 39.
Rc3 Rd7 40. d4 Rxd4 41. Rg3+ Kh7 42. Kg1 Rf4 43. Kf1 Nf3 44. Ke2 Ne5 45. Ke3
Ra4 46. Rg1 h5 47. f4 Ng4+ 48. Kf3 f5 49. Rc1 Nf6 50. Rh1 Ra3+ 51. Kg2 Kh6 52.
Rh4 Ne4 53. Rh3 Rxh3 54. Kxh3 Nf2+ 55. Kh4 Nd3 56. Kg3 Nxf4 57. Kxf4 g6 58. Kg3
Kg5 59. Kh3 f4 60. Kg2 Kg4 61. Kh2 Kf3 62. Kh3 g5 63. Kh2 Kf2 64. Kh1 g4 65.
Kh2 g3+ 66. Kh1 g2+ 0-1

[Event "Plymouth (MI Op/5/72)"]
[Site "?"]
[Date "1984.??.??"]
[Round "?"]
[White "Conley, Steve"]
[Black "Garrison, Ray"]
[Result "1-0"]
[WhiteElo "1605"]
[BlackElo "1740"]
[PlyCount "89"]
[EventDate "1984.??.??"]

{5/(72)} 1. e4 e6 2. d4 d5 3. exd5 exd5 4. Nc3 Bb4 5. Bd2 Nf6 6. a3 Bxc3 7.
Bxc3 O-O 8. Be2 Ne4 9. Nf3 Nd7 10. Nd2 f5 11. Nxe4 fxe4 12. Bg4 Nf6 13. Bxc8
Qxc8 14. Qe2 Ng4 15. O-O Rf6 16. h3 Nh6 17. Bd2 Rg6 18. Kh2 Qe6 19. Bxh6 Rxh6
20. Rac1 Rf8 21. Rce1 Rf3 22. Kg1 Rfxh3 23. f3 Rh2 24. fxe4 Rh1+ 25. Kf2 Qf6+
26. Ke3 Qg5+ 27. Kd3 dxe4+ 28. Qxe4 Qg3+ 29. Kd2 Qg5+ 30. Kd1 Rxf1 31. Rxf1 Qb5
32. Re1 g5 33. Kc1 Qc6 34. Qf5 Rg6 35. Qc8+ Kf7 36. Qf5+ Kg8 37. Re7 Qf6 38.
Qc8+ Qf8 39. Re8 Rf6 40. Rxf8+ Rxf8 41. Qxc7 Rf1+ 42. Kd2 Rf2+ 43. Ke3 Rxg2 44.
Qxb7 Rg3+ 45. Kf2 1-0

[Event "Plymouth (MI Op/7/51)"]
[Site "?"]
[Date "1984.??.??"]
[Round "?"]
[White "Comstock, Ron"]
[Black "Perczak, M.."]
[Result "1-0"]
[WhiteElo "1850"]
[BlackElo "1605"]
[PlyCount "73"]
[EventDate "1984.??.??"]

{7/(51)} 1. c4 c5 2. Nc3 Nc6 3. g3 e6 4. e4 d6 5. Bg2 Nf6 6. Nge2 Bd7 7. O-O
Be7 8. d4 cxd4 9. Nxd4 O-O 10. h3 Rc8 11. b3 Qa5 12. Nde2 e5 13. Nd5 Nxd5 14.
exd5 Nb4 15. Bd2 Qb6 16. Be3 Qa5 17. a3 Na6 18. f4 f6 19. Qd3 Nc5 20. Bxc5
Qxc5+ 21. Kh2 Qc7 22. fxe5 fxe5 23. Be4 h6 24. Bg6 Qc5 25. Kg2 Bf6 26. Nc3 Bg5
27. Ne4 Qc7 28. Nxg5 hxg5 29. Qe3 g4 30. h4 Rf6 31. Rxf6 gxf6 32. Qh6 Be8 33.
Bxe8 Rxe8 34. Qg6+ Kf8 35. Qxf6+ Kg8 36. Qg6+ Kh8 37. Qxe8+ 1-0

[Event "Plymouth (MI Op/4/55)"]
[Site "?"]
[Date "1984.??.??"]
[Round "?"]
[White "Comstock, Ron"]
[Black "Haley, W.."]
[Result "0-1"]
[WhiteElo "1850"]
[BlackElo "1605"]
[PlyCount "92"]
[EventDate "1984.??.??"]

{4/(55)} 1. c4 e5 2. g3 Nf6 3. Bg2 d6 4. Nc3 g6 5. e4 Bg7 6. Nge2 Nbd7 7. d3
O-O 8. O-O c6 9. h3 a5 10. Be3 Rb8 11. a4 h6 12. f4 Nh7 13. f5 g5 14. d4 exd4
15. Bxd4 Ne5 16. c5 Qc7 17. cxd6 Qxd6 18. Ba7 Qxd1 19. Raxd1 Ra8 20. Bc5 Re8
21. b3 Nf6 22. Rd2 Nfd7 23. Be3 b6 24. Rfd1 Bf8 25. h4 Bc5 26. Nd4 Ng4 27. Bf2
Nxf2 28. Kxf2 Ne5 29. Kf1 Ra7 30. Nf3 Ba6+ 31. Ke1 Bb4 32. Rc2 Bd3 33. Rcc1
Bxe4 34. Kf2 Nd3+ 35. Rxd3 Bxd3 36. hxg5 Bc5+ 37. Nd4 Bxd4+ 38. Kf3 Rae7 39.
gxh6 Re3+ 40. Kg4 Bxc3 41. Bxc6 Be2+ 42. Kf4 R8e7 43. Rc2 f6 44. Bd5+ Kh7 45.
Be6 Rf3+ 46. Ke4 Bd3+ 0-1

[Event "Plymouth (MI Op/5/69)"]
[Site "?"]
[Date "1984.??.??"]
[Round "?"]
[White "Comstock, Ron"]
[Black "Coates, J.."]
[Result "1-0"]
[WhiteElo "1850"]
[BlackElo "1605"]
[PlyCount "87"]
[EventDate "1984.??.??"]

{5/(69)} 1. c4 c5 2. Nc3 e6 3. e4 Nc6 4. d3 Nf6 5. Bg5 Be7 6. f4 h6 7. Bxf6
Bxf6 8. e5 Be7 9. Qg4 O-O 10. Nf3 Nd4 11. O-O-O a6 12. Ne2 b5 13. Nexd4 cxd4
14. Nxd4 bxc4 15. dxc4 a5 16. Nc6 Qe8 17. Nxe7+ Qxe7 18. Qf3 Ba6 19. Qd3 Rac8
20. Qd6 Qxd6 21. Rxd6 Bxc4 22. Kb1 Bxf1 23. Rxf1 Rfd8 24. Rfd1 Kf8 25. Rxd7 Ke8
26. Rxd8+ Rxd8 27. Rxd8+ Kxd8 28. Kc2 Kc7 29. Kc3 Kc6 30. Kc4 f6 31. a3 fxe5
32. fxe5 g5 33. b4 axb4 34. axb4 Kb6 35. b5 h5 36. h3 g4 37. hxg4 hxg4 38. g3
Kc7 39. Kc5 Kb7 40. Kd6 Kb6 41. Kxe6 Kxb5 42. Kf5 Kc6 43. Kxg4 Kd7 44. Kf5 1-0

[Event "Plymouth (MI Op/2/40)"]
[Site "?"]
[Date "1984.??.??"]
[Round "?"]
[White "Comstock, Ron"]
[Black "Carpenter, George"]
[Result "1-0"]
[WhiteElo "1850"]
[BlackElo "1605"]
[PlyCount "99"]
[EventDate "1984.??.??"]

{2/(40)} 1. c4 Nf6 2. Nc3 c5 3. e4 Nc6 4. g3 g6 5. Bg2 Bg7 6. Nge2 O-O 7. O-O
d6 8. h3 Rb8 9. d3 a6 10. a4 b6 11. Be3 Bb7 12. f4 e5 13. f5 Nd4 14. Bxd4 cxd4
15. Nd5 Bxd5 16. cxd5 Rc8 17. Qd2 Qd7 18. g4 h6 19. a5 b5 20. Rac1 Rc7 21. Rxc7
Qxc7 22. Rc1 Qe7 23. Rc6 Ra8 24. g5 hxg5 25. Qxg5 Nxd5 26. Qxe7 Nxe7 27. Rxd6
gxf5 28. exf5 Nxf5 29. Rb6 Ra7 30. Bb7 Bf8 31. Bxa6 Kg7 32. Bxb5 Rxa5 33. Bd7
e4 34. dxe4 d3 35. Nc3 Ng3 36. Rb5 Rxb5 37. Bxb5 d2 38. Ba4 Bb4 39. Nd5 Nxe4
40. Nxb4 Nc5 41. Bd1 Kg6 42. h4 f5 43. Kf2 Kf6 44. Ke3 Ne4 45. Nd5+ Ke5 46. Nc3
f4+ 47. Kd3 Nf2+ 48. Kxd2 Kd4 49. h5 Nxd1 50. Nxd1 1-0

[Event "East Detroit (MCO/3/27)"]
[Site "?"]
[Date "1984.??.??"]
[Round "?"]
[White "Collins, Charles"]
[Black "Sacco, G.."]
[Result "0-1"]
[WhiteElo "1605"]
[BlackElo "1775"]
[PlyCount "84"]
[EventDate "1984.??.??"]

{3/(27)} 1. e4 c6 2. d4 d5 3. e5 Bf5 4. Nf3 e6 5. Be2 Qc7 6. O-O Nd7 7. b3 c5
8. c3 Rc8 9. Bb2 cxd4 10. Nxd4 Qxe5 11. Nd2 Bg6 12. Re1 Qb8 13. c4 Ngf6 14. Rc1
Bd6 15. N2f3 O-O 16. cxd5 Rxc1 17. Bxc1 Nxd5 18. Nb5 Bb4 19. Bd2 Bxd2 20. Qxd2
a6 21. Nc3 N7f6 22. Nxd5 Nxd5 23. Bc4 Nb6 24. Bf1 Rd8 25. Qe3 Nd5 26. Qe5 Qc8
27. Bc4 b5 28. Bf1 Qc2 29. Re2 Qb1 30. Rb2 Qc1 31. Rd2 Rc8 32. Qb2 h6 33. g3
Be4 34. Ne5 Bf5 35. g4 Be4 36. f3 Ne3 37. Qxc1 Rxc1 38. Rf2 Bb1 39. h3 f6 40.
Nd7 Bd3 41. Nc5 Bxf1 42. Nxe6 Bxh3+ 0-1

[Event "East Detroit (MCO/5/40)"]
[Site "?"]
[Date "1984.??.??"]
[Round "?"]
[White "Collins, Charles"]
[Black "Kellogg, S.."]
[Result "1-0"]
[WhiteElo "1605"]
[BlackElo "1605"]
[PlyCount "131"]
[EventDate "1984.??.??"]

{5/(40)} 1. e4 Nf6 2. e5 Nd5 3. c4 Nb4 4. a3 N4c6 5. Nf3 d6 6. exd6 Qxd6 7. d4
g6 8. Nc3 Bg7 9. Be3 O-O 10. Be2 Rd8 11. c5 Qd7 12. O-O Nxd4 13. Nxd4 Bxd4 14.
Bxd4 Qxd4 15. Qb3 Nc6 16. Rfd1 Qxc5 17. Rxd8+ Nxd8 18. Rd1 Be6 19. Qc2 a6 20.
b4 Qb6 21. Nd5 Bxd5 22. Rxd5 Nc6 23. Bf3 Nd4 24. Qe4 Nxf3+ 25. Qxf3 Rb8 26. g3
Qe6 27. Qd3 Rf8 28. Rd7 Qe5 29. f4 Qb5 30. Qxb5 axb5 31. Rxc7 Rb8 32. Rxe7 Kf8
33. Rc7 b6 34. Kf2 Ke8 35. Ke3 Ra8 36. Kd4 Rd8+ 37. Ke5 Kf8 38. Rc6 Rb8 39. Kf6
Kg8 40. Rc7 Rd8 41. Rc6 Rb8 42. Ke7 Kg7 43. Rc7 Ra8 44. Rb7 Rxa3 45. Rxb6 Re3+
46. Kd6 Re2 47. Rxb5 Rxh2 48. Rc5 Rh6 49. b5 g5+ 50. Kc7 gxf4 51. gxf4 Rf6 52.
Rc6 Rxf4 53. b6 h5 54. b7 h4 55. b8=Q h3 56. Qb2+ f6 57. Qh2 Rf3 58. Rc4 f5 59.
Qg1+ Kf6 60. Rc6+ Ke5 61. Qh2+ f4 62. Qe2+ Re3 63. Qh5+ Ke4 64. Rc4+ Kd3 65.
Qd5+ Ke2 66. Rc2+ 1-0

[Event "East Detroit (MCO/1/43)"]
[Site "?"]
[Date "1984.??.??"]
[Round "?"]
[White "Collins, Charles"]
[Black "Harrell, J.."]
[Result "1-0"]
[WhiteElo "1605"]
[BlackElo "1605"]
[PlyCount "73"]
[EventDate "1984.??.??"]

{1/(43)} 1. e4 e5 2. Nf3 Nc6 3. Bb5 a6 4. Ba4 Nf6 5. O-O b5 6. Bb3 d6 7. Re1
Be7 8. c3 O-O 9. d4 Na5 10. Bc2 Nc4 11. b3 Nb6 12. dxe5 dxe5 13. Qxd8 Rxd8 14.
Nxe5 Bb7 15. Bf4 Rac8 16. Nd2 Bd6 17. Ndf3 Nbd7 18. Nxd7 Rxd7 19. e5 Bxf3 20.
gxf3 Nd5 21. Bf5 Nxf4 22. Bxd7 Rd8 23. exd6 Ne6 24. Bxe6 Rxd6 25. Bh3 g6 26.
Re7 Rd3 27. Rxc7 Rxf3 28. Bg2 Rf6 29. c4 bxc4 30. bxc4 Kf8 31. c5 Ke8 32. c6
Rd6 33. Rc8+ Ke7 34. Re1+ Kf6 35. Rc1 Rd2 36. c7 Rxa2 37. Rd8 1-0

[Event "Plymouth (MI Op/1a/16)"]
[Site "?"]
[Date "1984.??.??"]
[Round "?"]
[White "Coleman, John"]
[Black "Shavalier, J.."]
[Result "0-1"]
[WhiteElo "1780"]
[BlackElo "2065"]
[PlyCount "64"]
[EventDate "1984.??.??"]

1. d4 e6 2. c4 f5 3. Nf3 Nf6 4. Nc3 Bb4 5. a3 Bxc3+ 6. bxc3 O-O 7. g3 d6 8. Bg2
Nbd7 9. O-O Ne4 10. Qd3 Ndf6 11. Nd2 d5 12. cxd5 exd5 13. a4 Re8 14. Ba3 Be6
15. Nf3 Qc8 16. Ne5 f4 17. gxf4 Bf5 18. Qe3 a5 19. Qc1 Bh3 20. c4 Rxe5 21. Bxh3
Qxh3 22. fxe5 Ng4 23. Qf4 g5 24. Qxg4 Qxg4+ 25. Kh1 Qxe2 26. Rae1 Qf3+ 27. Kg1
Qxa3 28. Re3 Qxa4 29. cxd5 Qxd4 30. Rfe1 Nc3 31. d6 cxd6 32. exd6 Nd1 0-1

[Event "East Detroit (MCO/3/29)"]
[Site "?"]
[Date "1984.??.??"]
[Round "?"]
[White "Coleman, John"]
[Black "McCarter, Robert"]
[Result "1-0"]
[WhiteElo "1760"]
[BlackElo "1605"]
[PlyCount "103"]
[EventDate "1984.??.??"]

{3/(29)} 1. d4 Nf6 2. c4 g6 3. Nc3 Bg7 4. e4 d6 5. Bg5 O-O 6. Qd2 Re8 7. Be2
Nbd7 8. Nf3 e5 9. dxe5 Nxe5 10. Nxe5 dxe5 11. Qxd8 Rxd8 12. Nd5 Nxd5 13. Bxd8
Bd7 14. cxd5 Rxd8 15. O-O Bf8 16. Rad1 Bd6 17. Rd3 Bb5 18. Rd2 Bxe2 19. Rxe2
Kf8 20. g3 Ke7 21. Kg2 h5 22. f4 Kf8 23. f5 Kg7 24. Rc2 Rd7 25. fxg6 fxg6 26.
Rcf2 a5 27. Rf6 b6 28. Re6 Rf7 29. Rxf7+ Kxf7 30. a4 Kg7 31. Kf3 Kh6 32. h4 Kg7
33. g4 Kh7 34. g5 Kg7 35. Ke2 Kf7 36. Rf6+ Kg7 37. Kd3 Bc5 38. b3 Bb4 39. Rf1
Be7 40. Kc4 Bb4 41. Kb5 Bd6 42. Kc6 Kg8 43. Rf6 Kg7 44. Rxd6 cxd6 45. Kxd6 Kf7
46. Kxe5 Ke7 47. d6+ Kd7 48. Kd5 Kd8 49. e5 b5 50. axb5 a4 51. bxa4 Kd7 52. a5
1-0

[Event "East Detroit (MCO/5/14)"]
[Site "?"]
[Date "1984.??.??"]
[Round "?"]
[White "Coleman, John"]
[Black "Mazuchowski, Tom"]
[Result "0-1"]
[WhiteElo "1760"]
[BlackElo "2115"]
[PlyCount "66"]
[EventDate "1984.??.??"]

{5/(14)} 1. d4 d5 2. c4 e6 3. Nc3 c5 4. dxc5 Bxc5 5. cxd5 exd5 6. Qxd5 Qb6 7.
e3 Be6 8. Qd2 Nc6 9. Bb5 Rd8 10. Qe2 Nf6 11. Bxc6+ Qxc6 12. Qb5 Qxb5 13. Nxb5
Bb4+ 14. Nc3 Ne4 15. Nge2 Bc4 16. f3 Nc5 17. O-O Bxc3 18. bxc3 Bxe2 19. Re1 Bc4
20. Ba3 b6 21. Bc1 Rd3 22. e4 Ke7 23. Be3 Rhd8 24. Bd4 Ne6 25. Bf2 Rxc3 26. e5
Rc2 27. Be3 g5 28. g3 Bd5 29. Rf1 Re2 30. Bc1 Rc8 31. Ba3+ Ke8 32. Rac1 Rcc2
33. Rxc2 Rxc2 0-1

[Event "Plymouth (MI Op/4/40)"]
[Site "?"]
[Date "1984.??.??"]
[Round "?"]
[White "Coleman, John"]
[Black "Laren, Philip"]
[Result "0-1"]
[WhiteElo "1780"]
[BlackElo "2140"]
[PlyCount "84"]
[EventDate "1984.??.??"]

{4/(40)} 1. d4 Nf6 2. c4 e6 3. Nc3 d5 4. Bg5 Be7 5. Nf3 O-O 6. e3 h6 7. Bh4 b6
8. cxd5 Nxd5 9. Nxd5 Bxh4 10. Nxh4 exd5 11. Nf3 Be6 12. Rc1 Qe7 13. Be2 c5 14.
O-O Nd7 15. Rc2 c4 16. Ne1 Bf5 17. Rc1 b5 18. Bg4 Bxg4 19. Qxg4 Nf6 20. Qe2
Rfc8 21. Nf3 a5 22. Ne5 b4 23. f3 Nd7 24. Nxd7 Qxd7 25. e4 Qa4 26. Ra1 Qc6 27.
Rfc1 Ra7 28. a3 Re7 29. e5 Rec7 30. axb4 axb4 31. f4 Qb6 32. Qe3 c3 33. b3 c2
34. Qd2 Rc3 35. Ra2 Qg6 36. Qe2 Qf5 37. g3 h5 38. Kg2 R8c6 39. Qd2 Qe4+ 40. Kh3
h4 41. Qf2 hxg3 42. hxg3 Rh6+ 0-1

[Event "Plymouth (MI Op/6/46)"]
[Site "?"]
[Date "1984.??.??"]
[Round "?"]
[White "Coleman, John"]
[Black "Haley, W.."]
[Result "1-0"]
[WhiteElo "1780"]
[BlackElo "1605"]
[PlyCount "59"]
[EventDate "1984.??.??"]

{6/(46)} 1. d4 Nf6 2. c4 e6 3. Nc3 Bb4 4. Bg5 Bxc3+ 5. bxc3 b6 6. e4 h6 7. Bxf6
Qxf6 8. g3 Bb7 9. Bg2 Qe7 10. Qd3 f5 11. Ne2 Nc6 12. O-O fxe4 13. Bxe4 O-O-O
14. a4 d5 15. cxd5 exd5 16. Bf5+ Kb8 17. Nf4 Qf6 18. Ng6 Rhe8 19. Rfe1 Bc8 20.
Bxc8 Rxc8 21. Nf4 Na5 22. Nxd5 Rxe1+ 23. Rxe1 Qd6 24. Ne3 Qa3 25. Qc2 Re8 26.
Rb1 Re6 27. Qf5 Rc6 28. Qxa5 Rxc3 29. Qe5 a5 30. Rxb6+ 1-0

[Event "East Detroit (MCO/5/45)"]
[Site "?"]
[Date "1984.??.??"]
[Round "?"]
[White "Coates, J.."]
[Black "Thornton, Ivan"]
[Result "1-0"]
[WhiteElo "1605"]
[BlackElo "1605"]
[PlyCount "55"]
[EventDate "1984.??.??"]

{5/(45)} 1. d4 c5 2. Nf3 c4 3. e3 d5 4. Nc3 Bg4 5. Be2 Nc6 6. O-O e6 7. Ne5
Bxe2 8. Qxe2 Nxe5 9. dxe5 d4 10. exd4 Qxd4 11. Rd1 Qc5 12. Na4 Qb4 13. b3 cxb3
14. axb3 Qa5 15. Bd2 Bb4 16. c3 Be7 17. b4 Qd5 18. Bh6 Qb3 19. Bxg7 a6 20. Bxh8
f6 21. Qh5+ Kf8 22. Qxh7 Ke8 23. Qxg8+ Bf8 24. exf6 Rd8 25. f7+ Ke7 26. Qg5+
Kxf7 27. Rxd8 Be7 28. Qg7# 1-0

[Event "Plymouth (MI Op/3/68)"]
[Site "?"]
[Date "1984.??.??"]
[Round "?"]
[White "Coates, J.."]
[Black "Thomas, Henry"]
[Result "0-1"]
[WhiteElo "1605"]
[BlackElo "1685"]
[PlyCount "134"]
[EventDate "1984.??.??"]

{3/(68)} 1. d4 f5 2. Nf3 Nf6 3. g3 g6 4. Bg2 Bg7 5. Bg5 O-O 6. O-O d6 7. Nc3 c6
8. Bxf6 Bxf6 9. d5 e5 10. e4 f4 11. dxc6 fxg3 12. hxg3 bxc6 13. b4 Be6 14. b5
Bc4 15. Re1 Bxb5 16. Nxb5 cxb5 17. Qd5+ Kh8 18. Qxa8 Qc7 19. Rac1 Rc8 20. Qd5
Nc6 21. Qxb5 Rb8 22. Qa4 d5 23. Rb1 Rd8 24. exd5 Rxd5 25. Nh2 Rc5 26. Rb5 Nd4
27. Rxc5 Qxc5 28. Qe8+ Kg7 29. Qd7+ Be7 30. c3 Nf5 31. Be4 Nxg3 32. Qg4 Qxc3
33. fxg3 Qxe1+ 34. Nf1 Bc5+ 35. Kg2 Qf2+ 36. Kh3 Qxf1+ 37. Bg2 Qf5 38. a4 a5
39. Qxf5 gxf5 40. Kh4 Kf6 41. Kh5 Be3 42. Bd5 Bg5 43. g4 f4 44. Be4 h6 45. Bc6
Ke6 46. Kg6 Kd6 47. Bb7 Kc5 48. Kf5 Kd4 49. Bc6 Ke3 50. Bg2 f3 51. Bxf3 Kxf3
52. Kxe5 Kxg4 53. Ke4 Kg3 54. Kf5 h5 55. Kxg5 h4 56. Kh5 h3 57. Kg5 h2 58. Kh5
Kf4 59. Kg6 h1=Q 60. Kf6 Qh5 61. Ke6 Qg5 62. Kd6 Ke4 63. Ke6 Qg6+ 64. Ke7 Kd5
65. Kd7 Qg7+ 66. Kd8 Ke6 67. Ke8 Qg8# 0-1

[Event "Plymouth (MI Op/7/72)"]
[Site "?"]
[Date "1984.??.??"]
[Round "?"]
[White "Coates, J.."]
[Black "Leonard, K.."]
[Result "0-1"]
[WhiteElo "1605"]
[BlackElo "1605"]
[PlyCount "80"]
[EventDate "1984.??.??"]

{7/(72)} 1. e4 b6 2. Nc3 Bb7 3. Nf3 e6 4. g3 Bb4 5. Ne5 Bxc3 6. Nxf7 Kxf7 7.
Qf3+ Bf6 8. d4 Ne7 9. Bg5 Ng6 10. O-O-O Kg8 11. Bxf6 Qxf6 12. Qe3 Kf7 13. h4
Rf8 14. Be2 Kg8 15. f4 Nxf4 16. gxf4 Qxf4 17. Qxf4 Rxf4 18. d5 exd5 19. exd5
Na6 20. c3 Re8 21. Bc4 Rxc4 22. Rh3 Nc5 23. h5 d6 24. h6 g6 25. Rf3 Bc8 26. Rh1
Bf5 27. Kd2 Ra4 28. Rg1 Re5 29. Re3 Rxe3 30. Kxe3 Rh4 31. b4 Ne4 32. c4 Rxh6
33. a4 Kf7 34. a5 Rh3+ 35. Kd4 bxa5 36. bxa5 Nc3 37. c5 Ne2+ 38. Kc4 Nxg1 39.
cxd6 cxd6 40. a6 Bd7 0-1

[Event "Plymouth (MI Op/1b/46)"]
[Site "?"]
[Date "1984.??.??"]
[Round "?"]
[White "Coates, J.."]
[Black "Fawaz, Mohamad"]
[Result "1-0"]
[WhiteElo "1605"]
[BlackElo "1605"]
[PlyCount "59"]
[EventDate "1984.??.??"]

1. e4 e5 2. Nf3 Nc6 3. Nc3 d6 4. Bb5 Bd7 5. O-O Nf6 6. d3 Be7 7. Nd5 Nxd5 8.
exd5 Nb4 9. Bxd7+ Qxd7 10. c4 Qf5 11. Ne1 O-O 12. a3 Na6 13. b4 c5 14. b5 Nc7
15. a4 b6 16. a5 bxa5 17. Rxa5 Bd8 18. Ra3 a6 19. b6 Ne8 20. b7 Rb8 21. Qb3 a5
22. Bd2 Qd7 23. Bxa5 Rxb7 24. Qa4 Bxa5 25. Qxa5 Nc7 26. Qc3 Ra8 27. Rxa8+ Nxa8
28. Qa5 Ra7 29. Qb5 Qe7 30. Qb8+ 1-0

[Event "East Detroit (MCO/2/48)"]
[Site "?"]
[Date "1984.??.??"]
[Round "?"]
[White "Coates, J.."]
[Black "Burwell, Raymond"]
[Result "0-1"]
[WhiteElo "1605"]
[BlackElo "1605"]
[PlyCount "74"]
[EventDate "1984.??.??"]

{2/(48)} 1. e4 e5 2. Nf3 Nc6 3. g3 Nf6 4. Nc3 Bb4 5. Nd5 O-O 6. Nxf6+ Qxf6 7.
c3 Bc5 8. b4 Bb6 9. Bg2 d6 10. O-O a6 11. a4 Bg4 12. a5 Ba7 13. Qe2 Qe6 14. h3
Bxh3 15. Ng5 Qg4 16. Qxg4 Bxg4 17. Bh3 Be2 18. Re1 Bd3 19. Bf5 Ne7 20. Bxh7+
Kh8 21. Bf5 Nxf5 22. exf5 Bxf5 23. Kg2 f6 24. Rh1+ Kg8 25. Nf3 Kf7 26. d4 e4
27. Nh4 Bg4 28. Re1 f5 29. Rf1 g6 30. f3 exf3+ 31. Nxf3 Rh8 32. Ng5+ Kg8 33.
Kg1 c5 34. bxc5 dxc5 35. dxc5 Bxc5+ 36. Kg2 Re8 37. Nf3 Re2+ 0-1

[Event "East Detroit (MCO/4/44)"]
[Site "?"]
[Date "1984.??.??"]
[Round "?"]
[White "Clark, K.."]
[Black "White, B.."]
[Result "0-1"]
[WhiteElo "1605"]
[BlackElo "1605"]
[PlyCount "91"]
[EventDate "1984.??.??"]

{4/(44)} 1. e4 e5 2. Nf3 Nf6 3. Nc3 Bb4 4. d4 exd4 5. Qxd4 Nc6 6. Qd1 Bxc3+ 7.
bxc3 Nxe4 8. Qe2 Qe7 9. Bb2 O-O 10. Nd4 Nc5 11. Nxc6 Qxe2+ 12. Bxe2 dxc6 13.
O-O Bf5 14. Bf3 Na4 15. Ba3 Rfe8 16. Rab1 Rab8 17. Rb4 Nxc3 18. Bb2 Ne4 19. g4
Nd2 20. gxf5 Nxf3+ 21. Kg2 Nh4+ 22. Kh1 Nxf5 23. Rg1 g6 24. Rf4 Nd6 25. Rg3
Re1+ 26. Kg2 Rbe8 27. Rh4 Nf5 28. Rxh7 Kxh7 29. Rh3+ Nh6 30. Bf6 R8e5 31. Bxe5
Rxe5 32. Rd3 Nf5 33. Rd7 Re7 34. Rd2 Nh4+ 35. Kg3 Nf5+ 36. Kg2 Nd6 37. Kf3 Kg7
38. Rd1 b5 39. c3 Kf6 40. h3 a5 41. Rd4 Re5 42. a4 Rd5 43. Rg4 Rd3+ 44. Ke2
Rxc3 45. axb5 cxb5 46. Kf1 0-1

[Event "East Detroit (MCO/2/29)"]
[Site "?"]
[Date "1984.??.??"]
[Round "?"]
[White "Clark, K.."]
[Black "Haakonstad, Olaf"]
[Result "0-1"]
[WhiteElo "1605"]
[BlackElo "1715"]
[PlyCount "66"]
[EventDate "1984.??.??"]

{2/(29)} 1. e4 c5 2. Nf3 e6 3. b3 Nf6 4. Nc3 Nc6 5. Bb2 Be7 6. Be2 O-O 7. O-O
d5 8. exd5 exd5 9. Bd3 d4 10. Ne2 Bd6 11. h3 Nb4 12. Bc4 a6 13. c3 b5 14. cxb4
bxc4 15. bxc5 Bxc5 16. bxc4 d3 17. Ned4 Bb7 18. Qb3 Be4 19. Qc3 Rb8 20. Ba3 Nd7
21. Bxc5 Nxc5 22. Rfe1 Qc7 23. Nh4 Qd7 24. f3 Na4 25. Qa3 Qxd4+ 26. Kh1 Bc6 27.
Nf5 Qd7 28. Ne7+ Kh8 29. Nxc6 Qxc6 30. Qxd3 Rfd8 31. Qe2 Qd6 32. Rab1 Rxb1 33.
Qe8+ Rxe8 0-1